00815nam a2200157Ia 4500008004100000082002000041100002100061245012800082260004300210365000600253630012800259730012800387942000900515999001900524952011400543100415s9999 xx 000 0 und d b9217a574.5(54) aKurian CV (ed.) aContributions to Estuarine Biology : (Papers presented at the Third All India Symposium on Estuarine Biology, Cochin, 1975) aCOCHINc1975bDEPT. OF MARINE SCIENCES b0 aContributions to Estuarine Biology : (Papers presented at the Third All India Symposium on Estuarine Biology, Cochin, 1975) aContributions to Estuarine Biology : (Papers presented at the Third All India Symposium on Estuarine Biology, Cochin, 1975) cBOOK c592155d592152 00104070aBNHSbBNHSd1997-10-24g0.00l0o574.5(54) 9217pBNHS-9217r2010-04-15 00:00:00w2010-04-15yBOOK